000 00418pam a2200145 a 4500
020 _a0534917127
050 0 0 _aQA152.2
_b.S965 1989
100 1 _aSwokowski, Earl William,
_d1926-
245 1 0 _aAlgebra and trigonometry with analytic geometry /
_cEarl W. Swokowski.
250 _a7th ed.
260 _aBoston :
_bPWS-Kent Pub. Co.,
_cc1989.
300 _axii, 651, 77 p. :
500 _aIncludes index.
942 _2lcc
_cGEN
999 _c8038
_d8038